Расчет защиты от нейтронного излучения; Физико-технические проблемы в науке, промышленности и медицине

التفاصيل البيبلوغرافية
Parent link:Физико-технические проблемы в науке, промышленности и медицине.— 2015.— [С. 258-259]
المؤلف الرئيسي: Артемов Е. В.
مؤلف مشترك: Национальный исследовательский Томский политехнический университет (ТПУ)
الملخص:Заглавие с титульного экрана
اللغة:الروسية
منشور في: 2015
سلاسل:Актуальные вопросы ядерного нераспространения, безопасность и экология ядерной отрасли
الموضوعات:
الوصول للمادة أونلاين:http://earchive.tpu.ru/handle/11683/17483
http://www.lib.tpu.ru/fulltext/c/2015/C49/224.pdf
التنسيق: الكتروني فصل الكتاب
KOHA link:https://koha.lib.tpu.ru/cgi-bin/koha/opac-detail.pl?biblionumber=612801

MARC

LEADER 00000naa2a2200000 4500
001 612801
005 20231101132727.0
035 |a (RuTPU)RU\TPU\conf\10932 
035 |a RU\TPU\conf\10931 
090 |a 612801 
100 |a 20150629d2015 k y0rusy50 ca 
101 0 |a rus 
102 |a RU 
105 |a y z 101zy 
135 |a drgn ---uucaa 
181 0 |a i  
182 0 |a b 
200 1 |a Расчет защиты от нейтронного излучения  |f Е. В. Артемов 
203 |a Текст  |c электронный 
225 1 |a Актуальные вопросы ядерного нераспространения, безопасность и экология ядерной отрасли 
230 |a 1 компьютерный файл (pdf; 567 Кb) 
300 |a Заглавие с титульного экрана 
320 |a [Библиогр.: с. 259 (4 назв.)] 
337 |a Adobe Reader 
463 0 |0 (RuTPU)RU\TPU\conf\10637  |t Физико-технические проблемы в науке, промышленности и медицине  |o сборник тезисов докладов VII Международной научно-практической конференции, г. Томск, 3-6 июня 2015 г.  |f Национальный исследовательский Томский политехнический университет (ТПУ) ; под ред. А. Н. Дьяченко [и др.]  |v [С. 258-259]  |d 2015 
610 1 |a труды учёных ТПУ 
610 1 |a электронный ресурс 
610 1 |a защита 
610 1 |a нейтронное излучение 
610 1 |a ионизирующее излучение 
700 1 |a Артемов  |b Е. В. 
712 0 2 |a Национальный исследовательский Томский политехнический университет (ТПУ)  |c (2009- )  |2 stltpush  |3 (RuTPU)RU\TPU\col\15902 
801 2 |a RU  |b 63413507  |c 20210210  |g RCR 
856 4 |u http://earchive.tpu.ru/handle/11683/17483 
856 4 |u http://www.lib.tpu.ru/fulltext/c/2015/C49/224.pdf 
942 |c BK